Automechanik technologie pro 1., 2. a 3. roč. odb. učilišť a učňovských škol

Bibliographic Details
Main Author: Bernard, Ivo (Author)
Format: Book
Language:Czech
PhysicalDescription:411 s., [1] obr. príl. 8°
Published: Praha Státní nakladatelství technické literatury 1974
Edition:2. upr. vyd.
Series:Řada strojírenské literatury
Subjects:

MARC

LEADER 00000nam a2200000 a 4500
001 vtls001270682
003 SK-MaSNL
005 20260301113136.0
008 240318s1974 xr f 00 00 cze
035 |a SNK000221759 
040 |a SNK  |b slo  |c SNK  |e AACR2 
041 0 |a cze 
044 |a xr  |c CZ 
072 7 |a 629  |x Dopravné prostriedky  |2 konspekt 
080 |a 629.33  |2 2011 
080 |a 629.083  |2 2011 
080 |a (075.3)  |2 2011 
100 1 |a Bernard, Ivo  |4 aut  |9 286592 
245 1 0 |a Automechanik  |b technologie pro 1., 2. a 3. roč. odb. učilišť a učňovských škol  |c Ivo Bernard 
250 |a 2. upr. vyd. 
260 |a Praha  |b Státní nakladatelství technické literatury  |c 1974 
300 |a 411 s., [1] obr. príl.  |c 8° 
490 0 |a Řada strojírenské literatury 
650 0 7 |a motorové vozidlá  |2 SNKPH  |9 1587 
650 0 7 |a Motor vehicles  |2 SNKPHeng  |9 293513 
650 0 7 |a opravy a údržba dopravných prostriedkov  |2 SNKPH  |9 3683 
650 0 7 |a Vehicle maintenance and repair  |2 SNKPHeng  |9 397080 
655 7 |a učebnice stredných škôl  |2 SNKPH  |9 69323 
655 7 |a Textbooks (secondary)  |2 SNKPHeng  |9 276359 
830 0 |a Řada strojírenské literatury  |9 291387 
958 |a OND 
999 |c 712939  |d 714869 
952 |t P60, <04>, [BOOK], {604}  |a SNK  |b SNK  |y VYP  |7 0  |o snkIC 57878  |i snkKIP 6047/74  |0 0  |1 0  |4 0  |d 1997-02-25  |l 0  |r 2005-01-01 00:00:00  |w 2026-02-23 
952 |t P60, <04>, [BOOK], {604}  |a SNK  |b SNK  |y VYP  |7 0  |p 17A0038298  |o snkIC 57878 D1  |i snkKIP 6048/74  |0 0  |1 1  |4 0  |d 1997-02-25  |l 0  |r 2005-01-01 00:00:00  |w 2026-02-23